000
00460nam a2200145Ia 4500
008
100122s9999 xx 000 0 und d
082
_b
38928
_a
823.08
100
_a
कुलकर्णी अरुणा
245
_a
चंदनाची सावली
260
_b
राधेय प्रकाशन
_c
1905
300
_a
117
630
_a
चंदनाची सावली
730
_a
चंदनाची सावली
942
_c
BOOK
999
_c
420844
_d
420841